zpět

Detail výsledku týmu

U Jelena, Liberec

Datum a čas kvízu

37.5 Celkem bodů Celkový počet nahraných bodů na tomto kvízu bez doplňovacích otázek.
2. Pořadí na kvízu Konečné umístění týmu na tomto kvízu.

Zaznamenané odpovědi

# Otázka Odpověď Body Výsledky
1. Na oficiální návštěvu České re... Finsko 1
2. Francouzský prezident Emmanuel... v Arménii 1
3. Kteří dva hudebníci společně v... Paul McCartney a Ringo Starr 0
4. V úterý večer zastavila na Pro... B) policejní Škoda Forman z 90. let 1
5. Kapitán stříbrných hokejistů d... Washington Capitals 0
6. Téma začneme jednou z nejoblíb... Matěj Kotrba 1
7. V roce 2023 jsme mohli v kinec... Oppenheimer 1
8. Která herečka si zahrála krásn... Diane Kruger 1
9. Půl bodu obdržíte za název fil... Statečné srdce (Braveheart); Mel Gibson 1
10. Který režisér je podepsán pod... C 1